LIBRARY & INFORMATION CENTRE, KCAET, TAVANUR

ONLINE PUBLIC ACCESS CATALOGUE (OPAC)

Hindi nibandh lekhan / (Record no. 8297)

MARC details
000 -LEADER
fixed length control field 00383cam a2200169ua 4500
041 ## - LANGUAGE CODE
Language code of text/sound track or separate title hin
082 ## - DEWEY DECIMAL CLASSIFICATION NUMBER
Classification number 891.54
Item number VIR/HI
100 ## - MAIN ENTRY--AUTHOR NAME
Personal name Viraj, .
245 ## - TITLE STATEMENT
Title Hindi nibandh lekhan /
260 ## - PUBLICATION, DISTRIBUTION, ETC. (IMPRINT)
Place of publication :
Name of publisher Rajpal and Sanch ,
Year of publication 1958.
300 ## - PHYSICAL DESCRIPTION
Number of Pages 302 ; .
942 ## - ADDED ENTRY ELEMENTS (KOHA)
Koha item type Books
Holdings
Withdrawn status Lost status Damaged status Home library Current library Date acquired Full call number Accession Number Koha item type
Withdrawn     KAUAET Sanskrit University 07/04/2012 891.54 4936 Books
free website counter